<?xml version="1.0" encoding="UTF-8"?>
<record
    xmlns:xsi="http://www.w3.org/2001/XMLSchema-instance"
    xsi:schemaLocation="http://www.loc.gov/MARC21/slim http://www.loc.gov/standards/marcxml/schema/MARC21slim.xsd"
    xmlns="http://www.loc.gov/MARC21/slim">

  <leader>01161nam a2200277 a 4500</leader>
  <controlfield tag="003">OSt</controlfield>
  <controlfield tag="005">20140714165830.0</controlfield>
  <controlfield tag="008">140708s2013    sp ao         001 0dspa d</controlfield>
  <datafield tag="017" ind1=" " ind2=" ">
    <subfield code="a">DL V. 2015-2013</subfield>
    <subfield code="b">Biblioteca de Catalunya</subfield>
  </datafield>
  <datafield tag="020" ind1=" " ind2=" ">
    <subfield code="a">9788477956730 (o.c.)</subfield>
  </datafield>
  <datafield tag="020" ind1=" " ind2=" ">
    <subfield code="a">9788477956747 (v. 1)</subfield>
  </datafield>
  <datafield tag="020" ind1=" " ind2=" ">
    <subfield code="a">9788477956754 (v. 2)</subfield>
  </datafield>
  <datafield tag="040" ind1=" " ind2=" ">
    <subfield code="b">cat</subfield>
    <subfield code="c">CDMR</subfield>
  </datafield>
  <datafield tag="100" ind1="1" ind2=" ">
    <subfield code="a">Rodr&#xED;guez Molina, Ma. Jos&#xE9;</subfield>
  </datafield>
  <datafield tag="245" ind1="1" ind2="0">
    <subfield code="a">Directorio de fot&#xF3;grafos en Espa&#xF1;a (1851-1936) </subfield>
    <subfield code="b">: (elaborado con la informaci&#xF3;n que proporcionan los anuarios y gu&#xED;as comerciales) </subfield>
    <subfield code="c">Ma. Jos&#xE9; Rodr&#xED;guez Molina, Jos&#xE9; Ram&#xF3;n Sanchis Alfonso</subfield>
  </datafield>
  <datafield tag="260" ind1=" " ind2=" ">
    <subfield code="a">Valencia </subfield>
    <subfield code="b">Archivo General y Fotogr&#xE1;fico de la Diputaci&#xF3;n de Valencia</subfield>
    <subfield code="c">2013</subfield>
  </datafield>
  <datafield tag="300" ind1=" " ind2=" ">
    <subfield code="a">2 vol. (1021 p.) </subfield>
    <subfield code="b">il. (algunes col.) </subfield>
    <subfield code="c">30 cm</subfield>
  </datafield>
  <datafield tag="504" ind1=" " ind2=" ">
    <subfield code="a">Bibliografia p. 29-44. &#xCD;ndexs</subfield>
  </datafield>
  <datafield tag="650" ind1=" " ind2="4">
    <subfield code="a">Fot&#xF2;grafs</subfield>
    <subfield code="z">Espanya</subfield>
    <subfield code="x">Directoris</subfield>
    <subfield code="9">3097</subfield>
  </datafield>
  <datafield tag="650" ind1=" " ind2="4">
    <subfield code="a">Fotografia</subfield>
    <subfield code="z">Espanya</subfield>
    <subfield code="x">Hist&#xF2;ria</subfield>
    <subfield code="y">S. XIX</subfield>
    <subfield code="9">3144</subfield>
  </datafield>
  <datafield tag="650" ind1=" " ind2="4">
    <subfield code="a">Fotografia</subfield>
    <subfield code="z">Espanya</subfield>
    <subfield code="x">Hist&#xF2;ria</subfield>
    <subfield code="y">S. XX</subfield>
    <subfield code="9">3144</subfield>
  </datafield>
  <datafield tag="650" ind1=" " ind2="4">
    <subfield code="a">Fotografia</subfield>
    <subfield code="z">Espanya</subfield>
    <subfield code="x">Directoris</subfield>
    <subfield code="9">3096</subfield>
  </datafield>
  <datafield tag="700" ind1="1" ind2=" ">
    <subfield code="a">Sanchis Alfonso, Josep Ram&#xF3;n</subfield>
  </datafield>
  <datafield tag="710" ind1="1" ind2=" ">
    <subfield code="a">Arxiu General i Fotogr&#xE0;fic (Val&#xE8;ncia)</subfield>
  </datafield>
  <datafield tag="942" ind1=" " ind2=" ">
    <subfield code="c">MON</subfield>
    <subfield code="2">udc</subfield>
  </datafield>
  <datafield tag="999" ind1=" " ind2=" ">
    <subfield code="c">6743</subfield>
    <subfield code="d">6743</subfield>
  </datafield>
  <datafield tag="952" ind1=" " ind2=" ">
    <subfield code="0">0</subfield>
    <subfield code="1">0</subfield>
    <subfield code="4">0</subfield>
    <subfield code="7">0</subfield>
    <subfield code="a">CDMR</subfield>
    <subfield code="b">CDMR</subfield>
    <subfield code="d">2014-07-08</subfield>
    <subfield code="e">Compra</subfield>
    <subfield code="g">65.00</subfield>
    <subfield code="l">0</subfield>
    <subfield code="o">Ba 2</subfield>
    <subfield code="p">CDMR1407301255</subfield>
    <subfield code="r">2014-07-08</subfield>
    <subfield code="t">Vol. 1</subfield>
    <subfield code="v">65.00</subfield>
    <subfield code="w">2014-07-08</subfield>
    <subfield code="y">MON</subfield>
  </datafield>
  <datafield tag="952" ind1=" " ind2=" ">
    <subfield code="0">0</subfield>
    <subfield code="1">0</subfield>
    <subfield code="4">0</subfield>
    <subfield code="7">0</subfield>
    <subfield code="a">CDMR</subfield>
    <subfield code="b">CDMR</subfield>
    <subfield code="d">2014-07-08</subfield>
    <subfield code="e">Compra</subfield>
    <subfield code="g">65.00</subfield>
    <subfield code="l">0</subfield>
    <subfield code="o">Ba 3</subfield>
    <subfield code="p">CDMR1407301257</subfield>
    <subfield code="r">2014-07-14</subfield>
    <subfield code="t">Vol. 2</subfield>
    <subfield code="v">65.00</subfield>
    <subfield code="w">2014-07-14</subfield>
    <subfield code="y">MON</subfield>
  </datafield>
</record>
